| 000 | 00374nam a2200145Ia 4500 | ||
|---|---|---|---|
| 008 | 230917s9999||||xx |||||||||||||| ||und|| | ||
| 040 |
_e154793 _aMAIN |
||
| 041 | _aEnglish | ||
| 082 | _a294.6 G537A:D | ||
| 100 | _aAhluwalia, Rajinder Singh | ||
| 245 | 0 | _aGuru Gobind Singh | |
| 260 |
_aChandigarh _bGuru Govind Singh Foundation _c1967 |
||
| 300 | _a140 p. | ||
| 942 | _cBK | ||
| 999 |
_c226124 _d226124 |
||